000 00722nam a2200193Ii 4500
003 JO-AjNU
008 230605s9999||||xx |||||||||||||| ||und||
040 _aJO-AjNU
_bara
_erda
_cJO-AjNU
041 _aara
050 1 4 _aHG1607.A7.D4254 1979
100 3 _aضيف، خيرت,
_eauthor
_945736
245 0 0 _aمحاسبة المنشآت المالية في محاسبة البنوك
264 3 1 _aبيروت: دار النهضة العربية للطباعة والنشر، 1979
300 _a371ص
_bيحتوي على ببلوغرافية من 361-371ص
336 _atext
_btxt
_2rdacontent
337 _aunmediated
_bn
_2rdamedia
338 _avolume
_bnc
_2rdacarrier
650 4 _aالبنوك- المحاسبة
_945737
999 _aA19847
_c23415
_d23415